| 000 | 00305cam a22000977a 4500 | ||
|---|---|---|---|
| 008 | 180718b1976 xxu||||| |||| 00| 0 eng d | ||
| 082 | _aK2301x5434 R137r | ||
| 245 |
_aRajasthan gazette _cby Finance Department, Rajasthan |
||
| 260 |
_aJaipur _bFinance Department _c1976 |
||
| 700 | _aRajasthan. Finance Department | ||
| 999 |
_c500659 _d500659 |
||